Competitividad, especialización y mercado laboral en el cantón de Pérez Zeledón: un análisis de economía regional /
En esta investigación se han estudiado las características y evolución de los mercados subregionales de trabajo en Costa Rica, específicamente se analizó el caso de de la subregión San Isidro (Peréz Zeledón) utilizando los censos de población de 1984 y 2000 como fuentes primarias de información. Par...
Guardado en:
| Hovedforfatter: | |
|---|---|
| Andre forfattere: | |
| Format: | Texto |
| Fag: | |
| Tags: |
Tilføj Tag
Ingen Tags, Vær først til at tagge denne postø!
|
MARC
| LEADER | 00000 a a2200000 04500 | ||
|---|---|---|---|
| 001 | 41188 | ||
| 003 | |||
| 040 | |||
| 100 | |a Arias Ramírez, Rafael | ||
| 245 | |a Competitividad, especialización y mercado laboral en el cantón de Pérez Zeledón: |b un análisis de economía regional / |c Rafael Arias Ramírez ; Leonardo Sánchez Hernández | ||
| 520 | |a En esta investigación se han estudiado las características y evolución de los mercados subregionales de trabajo en Costa Rica, específicamente se analizó el caso de de la subregión San Isidro (Peréz Zeledón) utilizando los censos de población de 1984 y 2000 como fuentes primarias de información. Para el análisis del mercado laboral se hizo uso del modelo Shift-Share, el cual permite determinar el cambio en la participación del empleo espacialmente modificado y descomponer el crecimiento del empleo en cuatro efectos: el efecto nacional, el efecto sectorial, el efecto regional o competitivo y el efecto locacional. | ||
| 590 | |a RRH/JULIO2012 | ||
| 650 | |a 1.COMPETITIVIDAD | ||
| 650 | |a 2.MERCADO DE TRABAJO | ||
| 650 | |a 3.ECONOMIA REGIONAL | ||
| 650 | |a 4.ESPECIALIZACION | ||
| 650 | |a 5.GEOGRAFIA | ||
| 650 | |a 6.COSTA RICA | ||
| 700 | |a Sánchez Hernández, Leonardo | ||
| 773 | |g volumen28, número1 ( , 2010), páginas 169-202 : tablas, mapas | ||
| 999 | |c 29824 |d 29824 | ||
